00475nam a2200157Ia 4500008004100000020001800041050002300059100001900082245004600101250001200147260004100159300002100200500005100221521000900272650003600281140321s9999 xx 000 0 und d a9789382226901 aTX 928b.P314 2013 aPatrick, James aHousekeeping Management /cJames Patrick. a1st ed. aNew Delhi :bRandom Experts,cc2013. a296 p. :c25 cm. aIncludes bibliographical references and index. aBSBA aHotel housekeepingxManagement.